000 00577cam a2200145 4500500
005 20260208002342.0
041 _afre
042 _adc
100 1 0 _aLombard, Jacques
_eauthor
245 0 0 _aPatrick Prado, Territoire de l’objet: faut-il fermer les musées ? Paris, Éd. des archives contemporaines, 2003, 149 p., bibl., ill. («Une pensée d’avance»)
260 _c2005.
500 _a97
786 0 _nL'Homme | 175-176 | 3 | 2005-07-01 | p. 475h-572h | 0439-4216
856 4 1 _uhttps://shs.cairn.info/revue-l-homme-2005-3-page-475h?lang=fr&redirect-ssocas=7080
999 _c1645977
_d1645977